L'Argentine pour les touristes... - Facile - Statistiques

Statistiques générales
  • Ce quiz a été pris 42 fois
  • Le résultat moyen est 9 sur 20
Statistiques - réponses
Question Indice Réponses Indice facile % Correct
Quelles sont les langues officielles ? Espagnol
100%
Achats à faire 2/ Produit de la vigne Vin V
93%
Achats à faire 1/ Délice au cacao Chocolat C
79%
Avez-vous besoin d'un visa ? (oui/non) Non
79%
Combien d'heures (environ) mettrez-vous pour vous y rendre ? (en chiffres) 14
69%
La conduite se fait à droite ou à gauche ? Droite
66%
Dans la capitale quel est le décalage horaire avec Paris ? (+ ou - et chiffre) ex - 10 - 5
59%
Le principal aéroport est B Buenos Aires
59%
Le suffixe internet est ar
52%
Quelles sont les langues officielles ? Quechua Q
52%
Achats à faire 3/ CD de... Tango T
52%
La vitesse est limitée hors des villes à {130} km/h
38%
Quelle est la monnaie ? Peso argentin P
38%
La religion majoritaire est Catholicisme C
34%
Quels sont les climats locaux ? T & C {Tempéré} & {Continental} EMPETRE & LINNOCENTAT
21%
Quelles sont les principaux lieux touristiques ? C El {Chalten} LACHENT
14%
Quelles sont les langues officielles ? Aymara A
10%
Comment se nomme la principale compagnie aérienne locale AA Aerolinas Argentinas AIORENSANGLANTERAIS
7%
Quelles sont les principaux lieux touristiques ? T Parc national {Talampaya} LAMAT
3%
Quelles sont les principaux lieux touristiques ? I Parc national {Ischigualasto} LOGAUCHISSAIT
0%
Aucun quiz correspondant
Distribution des résultats
% des personnes avec chaque résultat
Percentile par nombre de réponses
Votre historique - résultats
Vous n’avez pas pris ce quiz